000 02334 a2200205 4500
001 30089
005 20260407155612.0
008 260407a1969 arg spa d
003 AR-UNSa-BCEJYS
040 _aAR-UNSa-BCEJYS
_bspa
_cAR-UNSa-BCEJYS
080 _a657.474.2
_xRelaciones entre la contabilidad comercial y la contabilidad de costes
245 1 0 _aContabilidad de costos para uso de la gerencia
264 1 _aMéxico :
_bDiana
_c1969
300 _a742 p.
_c23 cm.
505 _aParte I: La contabilidad de costos su desarrollo historico, fundamentos teóricos y su importancia para la gerencia - 1. La contabilidad de costos dentro de las funciones de la gerencia - 2. Conceptos de los costos y terminología de los costos - 3. Componentes del costo y tendencias del costo - Parte II: Los registros para determinar los costos - 4. Los registros de los elementos del costo - 5. El sistema de costos basado en órdenes de trabajo - 6. El sistema de costos por procesos - Parte III: La contabilidad de costos en etapas transitorias - 7. Costeo predeterminado de gastos generales de predeterminación - 8. Costeo stándar - 9. Costeo directo - Parte IV: La contabilidad de costos con la finalidad de controlarlos - 10. Sistemas de contabilidad por áreas de responsabilidad - 11. Patrones para medir rendimientos. Análisis de variaciones - 12. Informes de la gerencia - Parte V: La contabilidad de costos en el planeamiento de utilidades - 13. Planeamiento de utilidades - 14. Estudio analítico del grupo costo-volumen-utilidades - 15. Estudio de rendimientos de capital - Parte VI:Presupuestos relativos a inversiones de capital. Conceptos fundamentación - 17. Presupuestos de inversiones de capital: estudios superiores - 18. Gastos conexos y planeamiento a corto plazo - Parte VII: La contabilidad de costos para usos especializados - 19. Contabilidad de costos de ditribución - 20. Costeo de productos conjuntos - 21. Costeo de procesos. Temas avanzados - Parte VIII: La contabilidad de costos y las ciencias administrativas - 22. La contabilidad de costos y los sistemas de información - 23. La contabilidad de costos y los análisis cualitativos - 24. La contabilidad de costos para usos de gerencia
942 _cBK
590 _aniveau_biblio:m niveau_hierar:0
100 1 _aLi, David H.
700 1 _aPardo, F.
999 _c2015
_d2015